<?xml version="1.0" encoding="UTF-8"?>
<collection xmlns="http://www.loc.gov/MARC21/slim">
  <record>
    <leader>00000nam  2200000   4500</leader>
    <controlfield tag="001">INLIS000000000000605</controlfield>
    <controlfield tag="005">20180724135518</controlfield>
    <controlfield tag="008">180724|||||||||   |   |||   |||| ||   | </controlfield>
    <datafield tag="035" ind1=" " ind2=" ">
      <subfield code="0">010-0718000605</subfield>
    </datafield>
    <datafield tag="041" ind1=" " ind2=" ">
      <subfield code="a">id</subfield>
    </datafield>
    <datafield tag="082" ind1=" " ind2=" ">
      <subfield code="a">022</subfield>
    </datafield>
    <datafield tag="090" ind1=" " ind2=" ">
      <subfield code="a">R 022 PIM I 2014</subfield>
    </datafield>
    <datafield tag="100" ind1=" " ind2=" ">
      <subfield code="a">Megawandi, Yan</subfield>
    </datafield>
    <datafield tag="245" ind1=" " ind2=" ">
      <subfield code="a">Peningkatan Pelayanan Publik Melalui Optmalisasi Pelayanan Terpadu Satu Pintu di Provinsi Kepulauan Bangka Belitung</subfield>
    </datafield>
    <datafield tag="260" ind1=" " ind2=" ">
      <subfield code="a">Jakarta</subfield>
      <subfield code="b">LAN Jakarta</subfield>
      <subfield code="c">2014</subfield>
    </datafield>
    <datafield tag="300" ind1=" " ind2=" ">
      <subfield code="a">25 hlm.</subfield>
    </datafield>
    <datafield tag="500" ind1=" " ind2=" ">
      <subfield code="a">Dalam peta daya saing provinsi di Indonesia, yang diterbitkan oleh National University of Singapore (NUS) tahun 2013 yang bekerjasama dengan Menko Perekonomian yang dirilis 2013, dinyatakan bahwa provinsi Kepulauan Bangka Belitung hanya berada pada ranking ke-29 dari 33 provinsi yang dinilai.  Oleh karena itu, maka adanya peningkatan Pelayanan Publik utamanya dalam memberikan Pelayanan Terpadu Satu Pintu dirasakan mendesak untuk dilakukan.</subfield>
    </datafield>
    <datafield tag="650" ind1=" " ind2=" ">
      <subfield code="a">Pelayanan Terpadu</subfield>
    </datafield>
  </record>
</collection>
